| 000 | 00535nam a2200193Ia 4500 | ||
|---|---|---|---|
| 003 | OSt | ||
| 005 | 20200917140752.0 | ||
| 008 | 190216s9999||||xx |||||||||||||| ||und|| | ||
| 020 | _a8121900948 | ||
| 040 | _coclc | ||
| 082 |
_a621.381 _bTHE/B |
||
| 100 |
_aTheraja, B L _94338 |
||
| 245 | 0 |
_aBasic Electronics Solid State / _cB L Theraja |
|
| 250 | _a5th Ed. | ||
| 260 |
_bS Chand & Company, _c1998. _aNew Delhi: |
||
| 300 | _a636p | ||
| 650 | _aPhysics | ||
| 942 |
_cBK _2ddc _h621.381 _iTHE/B _k621.381 _mTHE/B |
||
| 999 |
_c33363 _d33363 |
||